An experimental and computational leakage investigation of labyrinth seals with rub grooves of actual size and shape /

A large scale water test facility and a commercial CFD computer program were used to investigate labyrinth seals with rub grooves of actual size and shape found in aircraft engines. The 2-D test rig cases focused on the effect of tooth position and operating condition for the standard geometry. Th...

Full description

Bibliographic Details
Main Author: Ambrosia, Matthew Stanley, 1976-
Format: Thesis eBook
Language:English
Published: [Place of publication not identified] : [publisher not identified] ; 2001.
Subjects:
Online Access:Link to OAKTrust copy

MARC

Tag First Indicator Second Indicator Subfields
LEADER 00000ctm a2200000Ka 4500
001 in00001661897
005 20220103134554.0
007 cr unu a
008 020402s2001 xx a b 000 0 eng d
035 |a (OCoLC)ocm49502258 
040 |a TXA  |c TXA  |d UtOrBLW 
049 |a TXAM  |a TXAR 
099 |a 2001  |a Thesis  |a A46 
100 1 |a Ambrosia, Matthew Stanley,  |d 1976- 
245 1 3 |a An experimental and computational leakage investigation of labyrinth seals with rub grooves of actual size and shape /  |c by Matthew Stanley Ambrosia. 
264 1 |a [Place of publication not identified] :  |b [publisher not identified] ;  |c 2001. 
300 |a xiv, 77 leaves :  |b illustrations ;  |c 28 cm. 
336 |a text  |b txt  |2 rdacontent 
337 |a computer  |b c  |2 rdamedia 
338 |a online resource  |b cr  |2 rdacarrier 
500 |a "Major subject: Mechanical Engineering". 
500 |a Vita. 
502 |b M.S.  |c Texas A&M University  |d 2001. 
504 |a Includes bibliographical references (leaves 75-76). 
520 |a A large scale water test facility and a commercial CFD computer program were used to investigate labyrinth seals with rub grooves of actual size and shape found in aircraft engines. The 2-D test rig cases focused on the effect of tooth position and operating condition for the standard geometry. The computed cases considered tooth axial and radial position, different operating conditions, and several geometric dimensions. This investigation also compares the leakage of the standard geometry to that of a modified convex wall geometry. The test facility is a 33 times enlargement of the actual seal. The pressure drop leakage rate and flow visualization digital images for the standard geometry seal were measured at various Reynolds numbers and at nine different tooth positions. The discharge coefficient and a dimensionless pressure drop number were used to plot the leakage data to make it easier for seal designers to predict the leakage of labyrinth seals. The experimental visualization results show for a given Reynolds number that the closer the labryinth tooth gets to the step the deeper the throughflow jet penetrated into the seal cavity. The decrease of the tooth tip clearance also has a similar effect. Specifically the smaller the tooth tip clearance the deeper the flow path penetrated into the seal cavity. The experimental measurements show that the tooth tip axial position, as well as the minimum-tooth clearance, affect the leakage. A significant improvement in leakage was generally observed when the minimum-distance tooth clearance occurs across the entire tip of the tooth. This occurs only at the most upstream tooth position tested. Similarly, the computed results show that the tooth axial position affects the seal leakage. It was also found that the leakage of the modified convex wall geometry was significantly less than that of the standard geometry. 
530 |a Also available online. 
530 |a Issued also on microfiche from Lange Micrographics. 
650 4 |a Major mechanical engineering. 
856 4 1 |u https://hdl.handle.net/1969.1/ETD-TAMU-2001-THESIS-A46  |z Link to OAKTrust copy  |t 0 
948 |a cataloged  |b h  |c 2002/4/2  |d c  |e eneff  |f 12:30:15 pm 
994 |a E0  |b TXA 
999 |a MARS 
999 f f |s b6b1f9e0-9e4e-3a95-970c-2a6ddf5dffd1  |i 5577e137-3a9b-3460-a29b-473b37662aeb  |t 0 
952 f f |p noncirc  |a Texas A&M University  |b College Station  |c Cushing Memorial Library & Archives  |s cush tdrm  |d Cushing: Theses & Dissertations Microforms (Does not check out)  |t 0  |e 2001 Thesis A46  |h Other scheme  |i computer -- online resource 
952 f f |a Texas A&M University  |b College Station  |c Electronic Resources  |s www_evans  |d Available Online  |t 0  |e 2001 Thesis A46  |h Other scheme 
998 f f |a 2001 Thesis A46  |t 0  |l Cushing: Theses & Dissertations Microforms (Does not check out) 
998 f f |a 2001 Thesis A46  |t 0  |l Available Online